Návrh nízkoteplotného vykurovania s tepelným čerpadlom pre budovu hotela

Gespeichert in:
Bibliographische Detailangaben
1. Verfasser: Jakub, František, 1988- (Verfasst von)
Weitere Verfasser: Petráš, Dušan, 1956- (Betreuung Doktorarbeit)
Format: Manuskript Buch
Sprache:Slowakisch
Veröffentlicht: Bratislava : STU v Bratislave SvF, 2013
Schlagworte:
Online-Zugang:VAIS
Tags: Tag hinzufügen
Keine Tags, Fügen Sie das erste Tag hinzu!

MARC

LEADER 00000ntm a22000003a 4500
001 stu271690
005 20150617230234.2
008 130719s2013----xo------------------slo-d
040 |a STU  |b slo 
041 0 |a slo 
044 |a xo 
100 1 |a Jakub, František,  |d 1988-  |4 aut  |u V  |T SvF Stavebná fakulta  |X 49515  |U V  |Y 10  |7 A000049515 
242 0 0 |a Design of low-temperature heating with the use of a heat pump for the hotel  |y eng 
245 1 |a Návrh nízkoteplotného vykurovania s tepelným čerpadlom pre budovu hotela 
260 |a Bratislava :  |b STU v Bratislave SvF,  |c 2013 
650 7 |a Building Services  |2 estusub 
650 7 |a heating  |2 estusub 
650 7 |a heat pump  |2 estusub 
650 7 |a tepelné straty  |2 stusub 
650 7 |a tepelné čerpadlo  |2 stusub 
650 7 |a vykurovanie  |2 stusub 
700 1 |a Petráš, Dušan,  |d 1956-  |4 ths  |u V290  |U SvF Stavebná fakulta  |T SvF Katedra technických zariadení budov  |X 749  |U V290  |Y 31  |7 A000000749 
856 4 |a info a plný text  |u http://is.stuba.sk/zp/portal_zp.pl?podrobnosti=94854  |3 VAIS